|
|
|
|
| LEADER |
01454nam a2200397Ia 4500 |
| 001 |
EBC289671 |
| 003 |
MiAaPQ |
| 005 |
20200520144314.0 |
| 006 |
m o d | |
| 007 |
cr cn||||||||| |
| 008 |
050712s2006 enk sb 001 0 eng d |
| 015 |
|
|
|a GBA593258
|2 bnb
|
| 020 |
|
|
|z 9781845930158
|
| 020 |
|
|
|z 1845930126 (hbk.) :
|
| 020 |
|
|
|z 9781845930127 (hbk.) :
|
| 035 |
|
|
|a (MiAaPQ)EBC289671
|
| 035 |
|
|
|a (Au-PeEL)EBL289671
|
| 035 |
|
|
|a (CaPaEBR)ebr10157931
|
| 035 |
|
|
|a (CaONFJC)MIL73583
|
| 035 |
|
|
|a (OCoLC)77560776
|
| 040 |
|
|
|a MiAaPQ
|c MiAaPQ
|d MiAaPQ
|
| 050 |
|
4 |
|a TX911.3.M37
|b M323 2006
|
| 082 |
0 |
4 |
|a 647.94068
|2 22
|
| 245 |
0 |
0 |
|a Managing tourism and hospitality services
|h [electronic resource] :
|b theory and international applications /
|c edited by B. Prideaux, G. Moscardo, E. Laws.
|
| 260 |
|
|
|a Wallingford :
|b CABI,
|c 2006.
|
| 300 |
|
|
|a xvii, 337 p.
|
| 504 |
|
|
|a Includes bibliographical references and index.
|
| 533 |
|
|
|a Electronic reproduction. Ann Arbor, MI : ProQuest, 2015. Available via World Wide Web. Access may be limited to ProQuest affiliated libraries.
|
| 650 |
|
0 |
|a Hospitality industry
|x Management.
|
| 650 |
|
0 |
|a Tourism
|x Management.
|
| 655 |
|
4 |
|a Electronic books.
|
| 700 |
1 |
|
|a Laws, Eric,
|d 1945-
|
| 700 |
1 |
|
|a Moscardo, Gianna.
|
| 700 |
1 |
|
|a Prideaux, B.
|q (Bruce)
|
| 710 |
2 |
|
|a ProQuest (Firm)
|
| 856 |
4 |
0 |
|u https://ebookcentral.proquest.com/lib/matrademy/detail.action?docID=289671
|z Click to View
|